Petőfi Sándor Az apostol /
Elmentve itt :
| Szerző: | |
|---|---|
| További közreműködők: | |
| Dokumentumtípus: | Szakdolgozat |
| Megjelent: |
1964
|
| Tárgyszavak: | |
| Online Access: | http://diploma.bibl.u-szeged.hu/84274 |
| LEADER | 00548nta a2200157 i 4500 | ||
|---|---|---|---|
| 001 | dipl84274 | ||
| 005 | 20200203154215.0 | ||
| 008 | 200203s1964 hu om 0|| zxx d | ||
| 040 | |a SZTE Diploma Repozitórium |b hun | ||
| 041 | |a zxx | ||
| 100 | 1 | |a Méhész Lászlóné | |
| 245 | 1 | 0 | |a Petőfi Sándor |h [elektronikus dokumentum] : |b Az apostol / |c Dr. Lászlóné Méhész |
| 260 | |c 1964 | ||
| 650 | 4 | |a Bölcsészettudományok | |
| 700 | 1 | |a Turák János |e ths | |
| 856 | 4 | 0 | |u http://diploma.bibl.u-szeged.hu/id/eprint/84274/1/1964_dr_mehesz_laszlone.pdf |z Dokumentum-elérés |